| 000 | 00542nam a22001697a 4500 | ||
|---|---|---|---|
| 999 |
_c9501 _d9501 |
||
| 003 | GBCCL | ||
| 005 | 20241126110713.0 | ||
| 008 | 230214b ||||| |||| 00| 0 eng d | ||
| 040 | _cgbc | ||
| 082 |
_aVE 220.076 _bKHA |
||
| 100 |
_aKham, Zam Khat _916552 |
||
| 245 |
_aLaisiangtho thuhaksate: _bLaisiangtho sunga a tel hak munte hilhcianna leh a theihhuai thu tuamtuam dotna-dawnna 425/ _cZam Khat Kham |
||
| 250 | _a2nd edition. | ||
| 260 |
_aBurma : _bLOGIA Christian literature ministry, _c2022 |
||
| 300 | _a393p. ; | ||
| 942 |
_2ddc _cBK _01 |
||